00594 a2200169 4500020001500000035002300015040001300038082001200051100002100063245006000084246001600144260004400160300003500204650002300239856007500262856008700337 a0072195541 a(OCoLC)ocm50237804 aDLCbDLC00a006.8911 aMcCanna, Laurie.10aHow to do everything with Photoshop 7 cLaurie McCanna.30aPhotoshop 7 aNew York :bMcGraw-Hill/Osborne,c2002. axvii, 341 p. :bill. ;c24 cm. 0aComputer graphics.413Table of contentsuhttp://www.loc.gov/catdir/toc/mh031/2002727003.html413Publisher descriptionuhttp://www.loc.gov/catdir/description/mh031/2002727003.html